000 00643nam a22002417a 4500
999 _c318887
_d318887
001 32443
003 UA-OsUOA
005 20191224102508.0
007 ta
008 20050202b un ||||| |||| 00| 0 ukr d
040 _aUA-OsUOA
_bukr
_cUA-OsUOA
_dUA-OsUOA
041 _aukr
044 _aUA
080 _a94(477).051.2
090 _a94(477).051.2
_bК17
100 _aКалугін Ю.
245 _aДекабристи на Україні
260 _aК.
_bМолодь
_c1971
300 _a323 с.
_bІлюстрації
650 7 _a9 Географія. Біографії. Історія
_2UDC
942 _cBK
_2udc
955 _a1